000 00314nam a22001337a 4500
008 170202b xxu||||| |||| 00| 0 eng d
020 _a9780071599993
041 _aeng
080 _a61
100 _a3
101 _aSHM
245 _aQUICK ANSWERS TO MEDICAL DIAGNOSIS & TREATMENT
_cADELMAN, D.C
942 _2udc
_cBK
999 _c4303
_d4303